Danske Byer - Kæde - Statistics

General Stats
  • This quiz has been taken 45 times
  • The average score is 11 of 20
Answer Stats
Beskrivelse By % Correct
Danmarks hovedstad København
100%
Jyllands største by Aarhus
95%
Er blandt andet kendt for sin Regnskov Randers
89%
Fynsk by tæt på Storebælt Nyborg
81%
"Man kan ringe fra Ringsted til ___, men man kan ikke tisse fra ___ til Ringsted" Thisted
76%
Største by på den jyske vestkyst Esbjerg
70%
By på Amager med sin egen kommune Dragør
68%
Fynsk by som udlændinge synes har et sjovt navn Middelfart
68%
By på Bornholms nordkyst der blandt andet er kendt for at røge sild Gudhjem
59%
Jysk by ud til Limfjorden, der er hjemsted for virksomheden Bang & Olufsen Struer
57%
Sønderjysk by kendt for et slag i krigen i 1864 Dybbøl
51%
By med færgerute til Anholt Grenaa
49%
Sønderjysk by ca. 8 km nordvest for Aabenraa Rødekro
38%
Er regionshovedby for Region Sjælland Sorø
38%
By i Nordsjælland, blandt andet hjemsted for DTU Lyngby-Taarbæk
27%
Største by i Egedal Kommune Ølstykke-Stenløse
27%
Største by i Nordfyns kommune Otterup
22%
Sydsjællandsk købstad med knap 4.000 indbyggere Præstø
19%
By i Varde Kommune, "vin dårlig" Ølgod
16%
Vestjysk by mellem Herning, Skjern og Brande Kibæk
11%
No matching quizzes found
Score Distribution
Percent of People with Each Score
Percentile by Number Answered
Your Score History
You have not taken this quiz